000 00465nam a2200157 4500
001 111865
003 ES-MaACL
005 20230906185357.0
007 t|
008 061121s1973 sp r ||||1| spa d
100 1 _aOrlando, Felipe.
_987281
245 1 0 _aDos gardenias para Miguela Carabela /
_cFelipe Orlando.
260 _aLas Palmas de Gran Canaria :
_bInventarios provisionales,
_c1973.
300 _a71 p. ;
_c19 cm.
852 _aES-MaACL
_jC-53678
_bR.86547
999 _c111865
_d111865